Fundamentals of Computers 5th/Ed (Record no. 312592)
[ view plain ]
| 000 -LEADER | |
|---|---|
| fixed length control field | 00449 a2200181 4500 |
| 001 - CONTROL NUMBER | |
| control field | 77519 |
| 020 ## - INTERNATIONAL STANDARD BOOK NUMBER | |
| International Standard Book Number | 9788120340114 |
| 082 ## - DEWEY DECIMAL CLASSIFICATION NUMBER | |
| Classification number | 004 RAJ |
| 090 ## - LOCALLY ASSIGNED LC-TYPE CALL NUMBER (OCLC); LOCAL CALL NUMBER (RLIN) | |
| -- | 39321 |
| -- | 39321 |
| 100 ## - MAIN ENTRY--PERSONAL NAME | |
| Personal name | V Rajaraman |
| 245 ## - TITLE STATEMENT | |
| Title | Fundamentals of Computers 5th/Ed |
| Statement of responsibility, etc. | V Rajaraman |
| Medium | English |
| 250 ## - EDITION STATEMENT | |
| Edition statement | 5 th |
| 260 ## - PUBLICATION, DISTRIBUTION, ETC. | |
| Place of publication, distribution, etc. | New delhi |
| Name of publisher, distributor, etc. | PHI Learning |
| Date of publication, distribution, etc. | 2010 |
| 300 ## - PHYSICAL DESCRIPTION | |
| Extent | xii 438 p |
| 500 ## - GENERAL NOTE | |
| General note | DOS BS Reference Books |
| 505 ## - FORMATTED CONTENTS NOTE | |
| Formatted contents note | Gifted Books |
| 600 ## - SUBJECT ADDED ENTRY--PERSONAL NAME | |
| Personal name | Computer |
| 942 ## - ADDED ENTRY ELEMENTS (KOHA) | |
| Institution code [OBSOLETE] | 004 RAJ |
| Call number prefix | 004 RAJ |
| Koha item type | |
| Withdrawn status | Lost status | Damaged status | Not for loan | Collection code | Permanent Location | Current Location | Date acquired | Total Checkouts | Full call number | Barcode | Date last seen | Price effective from | Koha item type |
|---|---|---|---|---|---|---|---|---|---|---|---|---|---|
| College of Aeronautical Engineering (CAE) | College of Aeronautical Engineering (CAE) | 04/03/2017 | 004 RAJ | CAEG-6807 | 04/05/2017 | 04/05/2017 | Book | ||||||
| College of Aeronautical Engineering (CAE) | College of Aeronautical Engineering (CAE) | 04/03/2017 | 004 RAJ | CAEG-6809 | 04/05/2017 | 04/05/2017 | Book | ||||||
| College of Aeronautical Engineering (CAE) | College of Aeronautical Engineering (CAE) | 04/03/2017 | 004 RAJ | CAEG-6808 | 04/05/2017 | 04/05/2017 | Book |
